000 00749nam a2200241 i 4500
001 000033062
003 DO-SdBNP
005 20240109083731.0
007 ta
008 110808s1952 dr a 000 0 spa d
040 _aDO-SdBNP
_bspa
_cBNPHU
_erda
082 _bF372m
_222
100 1 _aFerrando, Augusto María
_eautor
_958756
245 1 0 _aManual práctico para el automovilista. /
_cAugusto María Ferrando.
264 _aCiudad Trujillo, República Dominicana :
_bEditora del Caribe,
_c1952.
300 _a77 paginas :
_bilustraciones ;
_c23 cm.
336 _2rdacontent
_atexto
_btxt
337 _2rdamedia
_asin mediación
_bn
338 _2rdacarrier
_avolumen
_bnc
590 _aInventariado, 2024 / DG
910 _aDG
942 _2ddc
_cLBS1
999 _c32553
_d32553